東京都の博物館 - Statistics

General Stats
  • This quiz has been taken 33 times
  • The average score is 4 of 77
Answer Stats
施設名 所在地 % Correct
東京国立博物館 台東区
74%
国立科学博物館 台東区
71%
国立西洋美術館 台東区
35%
地下鉄博物館 江戸川区
32%
東京都美術館 台東区
23%
家具の博物館 昭島市
16%
足立区立郷土博物館 足立区
16%
東京都江戸東京博物館(江戸東京たてもの園) 墨田区
13%
東京家政大学博物館 板橋区
10%
青梅市郷土博物館 青梅市
10%
東京都現代美術館 江東区
10%
葛飾区郷土と天文の博物館 葛飾区
6%
紙の博物館 北区
6%
清瀬市郷土博物館 清瀬市
6%
船の科学館 江東区
6%
上野の森美術館 台東区
6%
出光美術館 千代田区
6%
科学技術館 千代田区
6%
SOMPO美術館 新宿区
6%
日本書道美術館 板橋区
3%
葛西臨海水族園 江戸川区
3%
青梅市立美術館・青梅市立小島善太郎美術館 青梅市
3%
渋沢史料館 北区
3%
たましん歴史・美術館 国立市
3%
山種美術館 渋谷区
3%
新宿区立新宿歴史博物館 新宿区
3%
恩賜上野動物園 台東区
3%
アーティゾン美術館 中央区
3%
静嘉堂文庫美術館 千代田区
3%
明治大学博物館 千代田区
3%
三菱一号館美術館 千代田区
3%
石洞美術館 足立区
0%
大谷美術館 北区
0%
太田記念美術館 渋谷区
0%
古賀政男音楽博物館 渋谷区
0%
戸栗美術館 渋谷区
0%
國學院大學博物館 渋谷区
0%
実践女子学園香雪記念資料館 渋谷区
0%
文化学園服飾博物館 渋谷区
0%
明治神宮宝物殿(明治神宮ミュージアム) 渋谷区
0%
草間彌生美術館 新宿区
0%
佐藤美術館 新宿区
0%
東京オペラシティアートギャラリー 新宿区
0%
民音音楽博物館 新宿区
0%
秩父宮記念スポーツ博物館 新宿区
0%
帝国データバンク史料館 新宿区
0%
東京理科大学近代科学資料館 新宿区
0%
早稲田大学會津八一記念博物館 新宿区
0%
早稲田大学坪内博士記念演劇博物館 新宿区
0%
杉並区立郷土博物館 杉並区
0%
すみだ郷土文化資料館 墨田区
0%
相撲博物館 墨田区
0%
刀剣博物館 墨田区
0%
賀川豊彦記念松沢資料館 世田谷区
0%
五島美術館 世田谷区
0%
齋田記念館 世田谷区
0%
世田谷区立郷土資料館 世田谷区
0%
長谷川町子美術館 世田谷区
0%
駒澤大学禅文化歴史博物館 世田谷区
0%
昭和女子大学光葉博物館 世田谷区
0%
世田谷区立世田谷美術館 世田谷区
0%
世田谷区立世田谷文学館 世田谷区
0%
東京農業大学「食と農」の博物館 世田谷区
0%
日本大学文理学部資料館 世田谷区
0%
大名時計博物館 台東区
0%
横山大観記念館 台東区
0%
昭和天皇記念館 立川市
0%
多摩美術大学附属美術館 多摩市
0%
国立映画アーカイブ 中央区
0%
三井記念美術館 中央区
0%
共立女子大学博物館 千代田区
0%
千秋文庫 千代田区
0%
東京ステーションギャラリー 千代田区
0%
日本カメラ博物館 千代田区
0%
皇居三の丸尚蔵館 千代田区
0%
東京国立近代美術館本館 千代田区
0%
Bunkamuraザ・ミュージアム 渋谷区
0%
No matching quizzes found
Score Distribution
Percent of People with Each Score
Percentile by Number Answered
Your Score History
You have not taken this quiz